पत्रकारिता सुचना के स्रोत / (Record no. 119656)

MARC details
000 -LEADER
fixed length control field 01151nam a22002777a 4500
003 - CONTROL NUMBER IDENTIFIER
control field dpl
005 - DATE AND TIME OF LATEST TRANSACTION
control field 20180611121857.0
008 - FIXED-LENGTH DATA ELEMENTS--GENERAL INFORMATION
fixed length control field 180611b xxu||||| |||| 00| 0 eng d
010 ## - LIBRARY OF CONGRESS CONTROL NUMBER
LC control number B-148729
020 ## - INTERNATIONAL STANDARD BOOK NUMBER
Terms of availability 500.00
International Standard Book Number 8170563003
035 ## - SYSTEM CONTROL NUMBER
System control number B-148729, B-148736
037 ## - SOURCE OF ACQUISITION
Source of stock number/acquisition Cen Lib/Ret
040 ## - CATALOGING SOURCE
Original cataloging agency DPL
Language of cataloging HN
Transcribing agency 0
082 ## - DEWEY DECIMAL CLASSIFICATION NUMBER
Classification number 020
Item number शर्माप्र
100 ## - MAIN ENTRY--PERSONAL NAME
Personal name शर्मा, प्रहलाद
9 (RLIN) 86081
245 ## - TITLE STATEMENT
Title पत्रकारिता सुचना के स्रोत /
Statement of responsibility, etc प्रहलाद शर्मा
246 ## - VARYING FORM OF TITLE
Title proper/short title Soochna ke srot /
Remainder of title by Prahlaad Sharma
260 ## - PUBLICATION, DISTRIBUTION, ETC. (IMPRINT)
Place of publication, distribution, etc जयपुर
Name of publisher, distributor, etc पंचशील प्रकाशन
Date of publication, distribution, etc 2005
270 ## - ADDRESS
Address फिल्म कॉलोनी चौड़ा रास्ता
City जयपुर
Postal code 302003
300 ## - PHYSICAL DESCRIPTION
Extent 288पृ.
Dimensions 21सेमी(सजिल्द)
650 ## - SUBJECT ADDED ENTRY--TOPICAL TERM
Topical term or geographic name as entry element ग्रन्थ परक स्रोत
9 (RLIN) 45972
650 ## - SUBJECT ADDED ENTRY--TOPICAL TERM
Topical term or geographic name as entry element भौगोलिक स्रोत
9 (RLIN) 86082
650 ## - SUBJECT ADDED ENTRY--TOPICAL TERM
Topical term or geographic name as entry element Oriented source texts
9 (RLIN) 86083
650 ## - SUBJECT ADDED ENTRY--TOPICAL TERM
Topical term or geographic name as entry element Geographical Source
9 (RLIN) 86084
942 ## - ADDED ENTRY ELEMENTS (KOHA)
Source of classification or shelving scheme Dewey Decimal Classification
Koha item type Hindi Books
Classification part 020
Call number suffix शर्माप्र
Holdings
Withdrawn status Lost status Damaged status Not for loan Home library Current library Date acquired Source of acquisition Cost, normal purchase price Total Checkouts Total Renewals Full call number Barcode Date last seen Date checked out Copy number Cost, replacement price Price effective from Koha item type Public note
Written off       Central Library Central Library 18/09/2015 Cen Lib/Ret 500.00 5 1 020 शर्माप्र B-148729 10/07/2018 07/07/2018 1 500.00 18/09/2015 Hindi Books W/d List no-9003/18

© Delhi Public Library
Hit Counter
free hit counter